Semántica: teorías del significado en la gramática generativa
Guardat en:
| Autor principal: | |
|---|---|
| Format: | Llibre |
| Idioma: | espanyol |
| Publicat: |
Madrid
Cátedra
1985
|
| Col·lecció: | Lingüística
|
| Matèries: | |
| Etiquetes: |
Afegir etiqueta
Sense etiquetes, Sigues el primer a etiquetar aquest registre!
|
MARC
| LEADER | 00000nam a2200000 a 4500 | ||
|---|---|---|---|
| 001 | UCQ6037 | ||
| 003 | CL-VaPUC | ||
| 008 | 981009e19850000SP |||||||||||||||||spa|d | ||
| 082 | 0 | 4 | |a 401.43 |b FOD |2 21 |
| 100 | 0 | |a Fodor, Janet D |e author |9 419985 | |
| 245 | 1 | 0 | |a Semántica: teorías del significado en la gramática generativa |
| 300 | |a 317 p | ||
| 942 | |c BK | ||
| 945 | |d 19981009 00:00:00 |a cmena | ||
| 260 | |a Madrid |b Cátedra |c 1985 | ||
| 650 | 0 | |a Semántica |9 265318 | |
| 650 | 0 | |a Lingüística |9 265068 | |
| 650 | 0 | |a Filosofía del lenguaje |9 257082 | |
| 650 | 7 | |a TEORIA LINGUISTICA |2 CL-VaPUC |9 334835 | |
| 650 | 7 | |a ESTRUCTURAS GRAMATICALES |2 CL-VaPUC |9 419986 | |
| 583 | |a last modification |c 19981009 00:00:00 |k Rodrigo Vera | ||
| 490 | 0 | |a Lingüística | |
| 999 | |c 276040 |d 276038 | ||
| 952 | |0 0 |1 0 |4 0 |6 401_430000000000000_FOD_1985 |7 0 |8 A |9 313150 |a FDOPOS |b FDOPOS |d 2019-11-20 |i 1479121 |o 401.43 FOD 1985 |p 1479121 |r 2025-01-22 |w 2019-11-20 |y BK |k MLA | ||